Cuadernillo Tests Binet-Simon: material de aplicación

Gespeichert in:
Bibliographische Detailangaben
Hauptverfasser: Zazzo, René (VerfasserIn), Gilly, Michel (VerfasserIn)
Format: Buch
Sprache:Spanisch
Veröffentlicht: Buenos Aires Kapelusz 1970
Schriftenreihe:Nueva Escala Métrica de la Inteligencia
Schlagworte:
Tags: Tag hinzufügen
Keine Tags, Fügen Sie den ersten Tag hinzu!

MARC

LEADER 00000nam a2200000 a 4500
001 UCU1539
003 CL-VaPUC
008 960409e19700600AG |||||||||||||||||spa|d
082 0 4 |a 153.43  |b ZAZ  |2 21 
100 0 |a Zazzo, René  |e author  |9 357163 
700 0 |a Gilly, Michel  |e author  |9 357164 
245 1 0 |a Cuadernillo Tests Binet-Simon: material de aplicación 
300 |a 22 p 
942 |c BK 
945 |d 19960409 00:00:00  |a paguirre 
260 |a Buenos Aires  |b Kapelusz  |c 1970 
500 |a Incluye 5 fichas 
650 0 |a Procesos de aprendizaje  |9 309161 
650 0 |a Cognición   |9 270347 
650 0 |a Percepción   |9 266750 
650 7 |a TESTS DE INTELIGENCIA  |2 CL-VaPUC  |9 309468 
650 0 |a Razón   |9 314475 
650 0 |a Lógica  |9 256849 
583 |a last modification  |c 19960409 00:00:00  |k Rodrigo Vera 
490 0 |a Nueva Escala Métrica de la Inteligencia 
999 |c 246108  |d 246106 
952 |0 0  |1 0  |4 0  |6 153_430000000000000_ZAZ_1970  |7 0  |8 R  |9 260854  |a BIBEDU  |b BIBEDU  |c MCIRC  |d 2019-11-19  |i 2013142  |o 153.43 ZAZ 1970  |p 2013142  |r 2023-01-13  |w 2019-11-19  |y BK_R  |k EDU